00519nam a2200181Ia 450000500170000000800410001702000180005804100120007608200150008810000210010324500750012425000120019926000540021130000190026565000200028465000120030465000210031620260429112044.0260429s9999||||xx |||||||||||||| ||und|| a9789385516696 aEnglish a571.2bBHA aBhattacharya, A. 0aAbiotic stress and physiological process in plants / cA. Bhattacharya a1st ed. aNew Delhi : bNew India Publishing Agency,c2017. axv, 451 p.; hb a Abiotic stress a Botany aPlant physiology